000 00640nam a2200265Ia 4500
005 20260121164951.0
008 008 260114s9999 xx 000 0 eng d
020 _a9781137393395
037 _aEBOOK
040 _aCRL
040 _beng
040 _cCRL
041 _2eng
041 _aeng
084 _qCRL
100 _aJean-Louis Rocca
_91045878
245 4 _aThe Making of the Chinese Middle Class
260 _bSpringer
260 _bSpringer
260 _c2017
856 _uhttps://link.springer.com/openurl?genre=book&isbn=978-1-137-39339-5
942 _cEBOOK
999 _c1611601
_d1611601